000 00779nam a2200217 a 4500
008 090310s2005 ||||||||||||||||| || u
020 _a0750666196
050 _aTK 4255 Sca
100 _aScaddan, Brian
245 1 0 _aElectrical installation works. (5th ed.)
_cBrian Scaddan
250 _a5th ed.
260 _aAmsterdam
_bElsevier
_c2005
300 _ax, 418p.: ill.
350 _a0.00
650 _aELECTRICITY
650 _aELECTRIC APPARATUS AND APPLIANCES--INSTALLATION
650 _aELECTRIC LIGHTING--INSTALLATION
650 _aELECTRIC ENGINEERING
650 _aELECTRIC LIGHTING--WIRING
995 _D0.00
_FCBU-MAIN LIBRARY (Kitwe)
_H1
_I0.00
_M1
_UAVAILABLE
_WMar 30, 2009
_ZMain Library Open Access Collection
999 _c41477
_d41477